| 000 | 00931nas a2200265Ia 4500 | ||
|---|---|---|---|
| 001 | A50/R027-15820 [r000014128] | ||
| 003 | IT-MiCISF | ||
| 008 | 161014c99999999xx |||||||||||| ||und|| | ||
| 040 |
_aIT-MiCISF _cIT-MiCISF |
||
| 041 | _aITALIANO | ||
| 100 | _aSacchetti Lamberto | ||
| 210 | _aIl diritto di famiglia e delle persone | ||
| 222 | _aIl diritto di famiglia e delle persone | ||
| 245 | 0 | _aDal problema della vigilanza sociale a quello della scelta processuale della protezione minorile | |
| 250 | _a1a ed. | ||
| 260 | _c1995 | ||
| 501 |
_bCISF - Centro Internazionale Studi Famiglia - Via Giotto, 36 20145 MILANO (non commercial uses only) _cCopyright 2016 |
||
| 300 | _app. 309-318 | ||
| 362 | _an. 1, gennaio-marzo [1995] | ||
| 500 | _a Tema: diritti-bambino, assistenza-sociale, tribunale-minorenni | ||
| 650 |
_asocietà _varticolo |
||
| 700 | _aAA.VV. | ||
| 942 | _cCR | ||
| 957 | _71 | ||
| 999 |
_a15820 _bSi _g1 _c226249 _d226249 |
||